000 00579cab a2200205 4500
001 X538
008 090401t1993 xxu||||| |||| 00| 0 eng d
035 _a(Sirsi) u66245
041 _aeng
245 _aArbitration: rules defined
260 _c1993
350 _a0
490 _aCSM (Chartered Surveyor Monthly)
_v2(7) April 1993, 2(1)
650 _aCOMPETENCE
650 _aCONFLICT OF INTEREST
650 _aJONAS
690 _aMANAGEMENT-DISPUTE AVOIDANCE, MANAGEMENT AND RESOLUTION-DISPUTE MANAGEMENT AND RESOLUTION-ARBITRATION
942 _n0
948 _c04/03/1997
999 _c41417
_d41417